Normal view
MARC view
Entry Personal Name
001 - CONTROL NUMBER
- control field: 86221
003 - CONTROL NUMBER IDENTIFIER
- control field: dpl
005 - DATE AND TIME OF LATEST TRANSACTION
- control field: 20260107165119.0
008 - FIXED-LENGTH DATA ELEMENTS
- fixed length control field: 260107|| aca||aabn | a|a d
040 ## - CATALOGING SOURCE
- Original cataloging agency: dpl
- Transcribing agency: dpl
100 ## - HEADING--PERSONAL NAME
- Personal name: अरुणाभ, सौरभ
670 ## - SOURCE DATA FOUND
- Source citation: Work cat.: (dpl)214021: अरुणाभ, सौरभ, पाट पाट जीवनम्/, 2022
